|
|
|
|
| LEADER |
00000nab#a22000007a#4500 |
| 001 |
arbauad038724 |
| 003 |
AR-BaUAD |
| 005 |
20250711113028.0 |
| 008 |
990804|||||||||###||||||b###|0###a|spa|| |
| 040 |
|
|
|a AR-BaUAD
|c AR-BaUAD
|b spa
|
| 245 |
1 |
0 |
|a Childrenswear A/W 2000/2001
|
| 300 |
0 |
|
|b il. col.
|
| 500 |
|
|
|a Traducción al español p. 89/90. -- Tendencias en indumentaria infantil (niños/as) tomando como fuente de inspiración: ciencia ficción, vida rural, hippy nomades.
|
| 653 |
|
|
|a EUROPA
|
| 653 |
|
|
|a TENDENCIAS
|
| 653 |
|
|
|a DISEÑO
|
| 653 |
|
|
|a INDUMENTARIA INFANTIL
|
| 653 |
|
|
|a MODA
|
| 653 |
|
|
|a COLORES
|
| 653 |
|
|
|a OTOÑO INVIERNO 2000/2001
|
| 653 |
|
|
|a FIGURINES INFANTILES
|
| 773 |
0 |
|
|t INTERNATIONAL TEXTILES
|g no. 805 [jul. 1999], p. 60-65
|
| 942 |
|
|
|c ARTI
|
| 952 |
|
|
|0 0
|1 0
|4 0
|7 0
|9 83643
|a AR-BAuAD
|b AR-BAuAD
|d 2025-07-11
|l 0
|p AAQA038724
|r 2025-07-11 11:30:28
|w 2025-07-11
|y ARTI
|
| 990 |
|
|
|a DT199
|b TD
|
| 998 |
|
|
|a AAQ
|b BIBUN76
|
| 999 |
|
|
|c 63316
|d 63316
|